000 00910nam a2200253 4500
001 263
005 20181127161032.0
020 0 0 _a8186423435
090 0 0 _a821.4 M6621p 2008
100 0 0 _aMilton, John.
245 0 0 _aParadise lost :
_bBook I,[The invocation] & book ix /
_cMilton, John.
_h
260 0 0 _aDelhi :
_bWorldview,
_c2008.
300 0 0 _axxxiii, 187 p.
500 _a"Edited by B. Mangalam"
500 0 0 _a"Worldview Critical Editions"
590 _aElectronic copy available on RTC Cloud in "Library" folder
650 _aBible. O.T. Genesis --History of Biblical events --Poetry.
_v
_x
_y
_z
_2
650 _aFall of man --Poetry.
_v
_x
_y
_z
_2
650 _aFall of man in literature.
_v
_x
_y
_z
_2
650 0 0 _aAdam (Biblical figure) --Poetry.
_x
650 0 0 _aEve (Biblical figure) --Poetry.
_x
650 0 0 _aMilton, John, 1608-1674. Paradise lost.
_x
700 _aMangalam, B.
_b
_c
_d
_e
_k
_l
_m
_n
_o
_p
_q
_r
_s
_t
999 _c236
_d236